<?xml version="1.0" encoding="UTF-8"?>
<record
    xmlns:xsi="http://www.w3.org/2001/XMLSchema-instance"
    xsi:schemaLocation="http://www.loc.gov/MARC21/slim http://www.loc.gov/standards/marcxml/schema/MARC21slim.xsd"
    xmlns="http://www.loc.gov/MARC21/slim">

  <leader>01091nam a22002897a 4500</leader>
  <controlfield tag="005">20150416162646.0</controlfield>
  <datafield tag="010" ind1=" " ind2=" ">
    <subfield code="a">BAC-EN21/ENG-107760</subfield>
  </datafield>
  <datafield tag="020" ind1=" " ind2=" ">
    <subfield code="a">9781259097157</subfield>
    <subfield code="c">599.00</subfield>
  </datafield>
  <datafield tag="020" ind1=" " ind2=" ">
    <subfield code="a">1259097153</subfield>
    <subfield code="c">599.00</subfield>
  </datafield>
  <datafield tag="035" ind1=" " ind2=" ">
    <subfield code="a">EN-91293</subfield>
  </datafield>
  <datafield tag="037" ind1=" " ind2=" ">
    <subfield code="b">Asian Book Centre/Ven</subfield>
    <subfield code="a">dpl</subfield>
  </datafield>
  <datafield tag="037" ind1=" " ind2=" ">
    <subfield code="b">DBAD/PUB</subfield>
  </datafield>
  <datafield tag="082" ind1="0" ind2="0">
    <subfield code="a">620.106</subfield>
    <subfield code="2">22</subfield>
  </datafield>
  <datafield tag="100" ind1="1" ind2=" ">
    <subfield code="a">Cimbala, John M.</subfield>
  </datafield>
  <datafield tag="245" ind1="1" ind2="0">
    <subfield code="a">Essentials of fluid mechanics :</subfield>
    <subfield code="b">fundamentals and applications /</subfield>
    <subfield code="c">by John M. Cimbala [and] Yunus A. &#xC7;engel.</subfield>
  </datafield>
  <datafield tag="246" ind1="3" ind2="0">
    <subfield code="a">Fundamentals and applications</subfield>
  </datafield>
  <datafield tag="260" ind1=" " ind2=" ">
    <subfield code="a">New Delhi</subfield>
    <subfield code="b">Tata McGraw-Hill </subfield>
    <subfield code="c">2013</subfield>
  </datafield>
  <datafield tag="270" ind1=" " ind2=" ">
    <subfield code="a">P-24 Green Park Extension</subfield>
    <subfield code="b">New Delhi</subfield>
    <subfield code="e">110016</subfield>
  </datafield>
  <datafield tag="300" ind1=" " ind2=" ">
    <subfield code="a">xx, 584p. :</subfield>
    <subfield code="b">ill. </subfield>
    <subfield code="c">27cm(pbk)</subfield>
    <subfield code="e">1CD-ROM</subfield>
  </datafield>
  <datafield tag="490" ind1=" " ind2=" ">
    <subfield code="a">McGraw-Hill series in mechanical engineering</subfield>
  </datafield>
  <datafield tag="500" ind1=" " ind2=" ">
    <subfield code="a">Includes bibliographical references and index.</subfield>
  </datafield>
  <datafield tag="500" ind1=" " ind2=" ">
    <subfield code="a">Supply received revised Rs. 630.00.</subfield>
  </datafield>
  <datafield tag="650" ind1=" " ind2="0">
    <subfield code="a">Fluid dynamics.</subfield>
  </datafield>
  <datafield tag="700" ind1="1" ind2=" ">
    <subfield code="a">&#xC7;engel, Yunus A.</subfield>
  </datafield>
  <datafield tag="942" ind1=" " ind2=" ">
    <subfield code="2">ddc</subfield>
    <subfield code="c">EN</subfield>
    <subfield code="h">620.106</subfield>
    <subfield code="m">CIM</subfield>
  </datafield>
  <datafield tag="999" ind1=" " ind2=" ">
    <subfield code="c">77076</subfield>
    <subfield code="d">77076</subfield>
  </datafield>
  <datafield tag="952" ind1=" " ind2=" ">
    <subfield code="0">0</subfield>
    <subfield code="1">0</subfield>
    <subfield code="4">0</subfield>
    <subfield code="7">1</subfield>
    <subfield code="8">NFIC</subfield>
    <subfield code="a">DBAD</subfield>
    <subfield code="b">DBAD</subfield>
    <subfield code="d">2013-07-01</subfield>
    <subfield code="e">DBAD/PUB</subfield>
    <subfield code="g">599.00</subfield>
    <subfield code="l">0</subfield>
    <subfield code="o">620.106 CIM</subfield>
    <subfield code="p">EN-91293</subfield>
    <subfield code="r">2013-07-01 00:00:00</subfield>
    <subfield code="t">1</subfield>
    <subfield code="v">599.00</subfield>
    <subfield code="w">2013-07-01</subfield>
    <subfield code="y">EN</subfield>
  </datafield>
  <datafield tag="952" ind1=" " ind2=" ">
    <subfield code="0">0</subfield>
    <subfield code="1">0</subfield>
    <subfield code="4">0</subfield>
    <subfield code="7">0</subfield>
    <subfield code="8">NFIC</subfield>
    <subfield code="a">L</subfield>
    <subfield code="b">L</subfield>
    <subfield code="d">2015-04-16</subfield>
    <subfield code="e">ABC/IN4469/16.12.2014/168/08.12.2014/30.12.2014</subfield>
    <subfield code="g">630.00</subfield>
    <subfield code="l">10</subfield>
    <subfield code="m">12</subfield>
    <subfield code="o">620.106 CIM</subfield>
    <subfield code="p">B-585589</subfield>
    <subfield code="r">2024-11-30 00:00:00</subfield>
    <subfield code="s">2024-10-16</subfield>
    <subfield code="t">1</subfield>
    <subfield code="v">630.00</subfield>
    <subfield code="w">2015-04-16</subfield>
    <subfield code="y">EN</subfield>
  </datafield>
  <datafield tag="952" ind1=" " ind2=" ">
    <subfield code="0">0</subfield>
    <subfield code="1">0</subfield>
    <subfield code="4">0</subfield>
    <subfield code="7">1</subfield>
    <subfield code="8">REF</subfield>
    <subfield code="a">L</subfield>
    <subfield code="b">L</subfield>
    <subfield code="d">2015-04-16</subfield>
    <subfield code="e">ABC/IN4469/16.12.2014/168/08.12.2014/30.12.2014</subfield>
    <subfield code="g">630.00</subfield>
    <subfield code="l">0</subfield>
    <subfield code="o">620.106 CIM</subfield>
    <subfield code="p">B-585590</subfield>
    <subfield code="r">2015-04-16 00:00:00</subfield>
    <subfield code="t">1</subfield>
    <subfield code="v">630.00</subfield>
    <subfield code="y">EN</subfield>
  </datafield>
  <datafield tag="952" ind1=" " ind2=" ">
    <subfield code="0">0</subfield>
    <subfield code="1">0</subfield>
    <subfield code="4">0</subfield>
    <subfield code="7">0</subfield>
    <subfield code="8">NFIC</subfield>
    <subfield code="a">M</subfield>
    <subfield code="b">M</subfield>
    <subfield code="d">2015-04-16</subfield>
    <subfield code="e">ABC/IN4469/16.12.2014/168/08.12.2014/30.12.2014</subfield>
    <subfield code="g">630.00</subfield>
    <subfield code="l">1</subfield>
    <subfield code="o">620.106 CIM</subfield>
    <subfield code="p">B-585591</subfield>
    <subfield code="r">2021-09-18 00:00:00</subfield>
    <subfield code="s">2021-08-21</subfield>
    <subfield code="t">3</subfield>
    <subfield code="v">630.00</subfield>
    <subfield code="y">EN</subfield>
  </datafield>
  <datafield tag="952" ind1=" " ind2=" ">
    <subfield code="0">0</subfield>
    <subfield code="1">0</subfield>
    <subfield code="4">0</subfield>
    <subfield code="7">0</subfield>
    <subfield code="8">NFIC</subfield>
    <subfield code="a">M</subfield>
    <subfield code="b">M</subfield>
    <subfield code="d">2015-04-16</subfield>
    <subfield code="e">ABC/IN4469/16.12.2014/168/08.12.2014/30.12.2014</subfield>
    <subfield code="g">630.00</subfield>
    <subfield code="l">1</subfield>
    <subfield code="o">620.106 CIM</subfield>
    <subfield code="p">B-585592</subfield>
    <subfield code="q">2045-06-01</subfield>
    <subfield code="r">2018-01-15 00:00:00</subfield>
    <subfield code="s">2018-01-15</subfield>
    <subfield code="t">3</subfield>
    <subfield code="v">630.00</subfield>
    <subfield code="y">EN</subfield>
  </datafield>
  <datafield tag="952" ind1=" " ind2=" ">
    <subfield code="0">0</subfield>
    <subfield code="1">0</subfield>
    <subfield code="4">0</subfield>
    <subfield code="7">0</subfield>
    <subfield code="8">NFIC</subfield>
    <subfield code="a">M</subfield>
    <subfield code="b">M</subfield>
    <subfield code="d">2015-04-16</subfield>
    <subfield code="e">ABC/IN4469/16.12.2014/168/08.12.2014/30.12.2014</subfield>
    <subfield code="g">630.00</subfield>
    <subfield code="l">0</subfield>
    <subfield code="o">620.106 CIM</subfield>
    <subfield code="p">B-585593</subfield>
    <subfield code="r">2015-04-16 00:00:00</subfield>
    <subfield code="t">3</subfield>
    <subfield code="v">630.00</subfield>
    <subfield code="y">EN</subfield>
  </datafield>
  <datafield tag="952" ind1=" " ind2=" ">
    <subfield code="0">0</subfield>
    <subfield code="1">0</subfield>
    <subfield code="4">0</subfield>
    <subfield code="7">0</subfield>
    <subfield code="8">NFIC</subfield>
    <subfield code="a">NPL</subfield>
    <subfield code="b">NPL</subfield>
    <subfield code="d">2015-04-16</subfield>
    <subfield code="e">ABC/IN4469/16.12.2014/168/08.12.2014/30.12.2014</subfield>
    <subfield code="g">630.00</subfield>
    <subfield code="l">0</subfield>
    <subfield code="o">620.106 CIM</subfield>
    <subfield code="p">B-585594</subfield>
    <subfield code="r">2015-04-16 00:00:00</subfield>
    <subfield code="t">1</subfield>
    <subfield code="v">630.00</subfield>
    <subfield code="y">EN</subfield>
  </datafield>
  <datafield tag="952" ind1=" " ind2=" ">
    <subfield code="0">0</subfield>
    <subfield code="1">0</subfield>
    <subfield code="4">0</subfield>
    <subfield code="7">0</subfield>
    <subfield code="8">NFIC</subfield>
    <subfield code="a">BL1</subfield>
    <subfield code="b">BL1</subfield>
    <subfield code="d">2015-04-16</subfield>
    <subfield code="e">ABC/IN4469/16.12.2014/168/08.12.2014/30.12.2014</subfield>
    <subfield code="g">630.00</subfield>
    <subfield code="l">1</subfield>
    <subfield code="m">1</subfield>
    <subfield code="o">620.106 CIM</subfield>
    <subfield code="p">B-585595</subfield>
    <subfield code="q">2020-01-27</subfield>
    <subfield code="r">2018-10-29 00:00:00</subfield>
    <subfield code="s">2018-10-29</subfield>
    <subfield code="t">1</subfield>
    <subfield code="v">630.00</subfield>
    <subfield code="y">EN</subfield>
  </datafield>
  <datafield tag="952" ind1=" " ind2=" ">
    <subfield code="0">0</subfield>
    <subfield code="1">0</subfield>
    <subfield code="4">0</subfield>
    <subfield code="7">0</subfield>
    <subfield code="8">NFIC</subfield>
    <subfield code="a">KGM</subfield>
    <subfield code="b">KGM</subfield>
    <subfield code="d">2015-04-16</subfield>
    <subfield code="e">ABC/IN4469/16.12.2014/168/08.12.2014/30.12.2014</subfield>
    <subfield code="g">630.00</subfield>
    <subfield code="l">0</subfield>
    <subfield code="o">620.106 CIM</subfield>
    <subfield code="p">B-585596</subfield>
    <subfield code="r">2015-04-16 00:00:00</subfield>
    <subfield code="t">1</subfield>
    <subfield code="v">630.00</subfield>
    <subfield code="y">EN</subfield>
  </datafield>
  <datafield tag="952" ind1=" " ind2=" ">
    <subfield code="0">0</subfield>
    <subfield code="1">0</subfield>
    <subfield code="4">0</subfield>
    <subfield code="7">0</subfield>
    <subfield code="8">NFIC</subfield>
    <subfield code="a">PR</subfield>
    <subfield code="b">PR</subfield>
    <subfield code="d">2015-04-16</subfield>
    <subfield code="e">ABC/IN4469/16.12.2014/168/08.12.2014/30.12.2014</subfield>
    <subfield code="g">630.00</subfield>
    <subfield code="l">3</subfield>
    <subfield code="o">620.106 CIM</subfield>
    <subfield code="p">B-585597</subfield>
    <subfield code="r">2019-08-01 00:00:00</subfield>
    <subfield code="s">2019-07-17</subfield>
    <subfield code="t">1</subfield>
    <subfield code="v">630.00</subfield>
    <subfield code="y">EN</subfield>
  </datafield>
  <datafield tag="952" ind1=" " ind2=" ">
    <subfield code="0">0</subfield>
    <subfield code="1">0</subfield>
    <subfield code="4">0</subfield>
    <subfield code="7">0</subfield>
    <subfield code="8">NFIC</subfield>
    <subfield code="a">TN</subfield>
    <subfield code="b">TN</subfield>
    <subfield code="d">2015-04-16</subfield>
    <subfield code="e">ABC/IN4469/16.12.2014/168/08.12.2014/30.12.2014</subfield>
    <subfield code="g">630.00</subfield>
    <subfield code="l">2</subfield>
    <subfield code="m">1</subfield>
    <subfield code="o">620.106 CIM</subfield>
    <subfield code="p">B-585598</subfield>
    <subfield code="r">2020-03-17 00:00:00</subfield>
    <subfield code="s">2020-03-09</subfield>
    <subfield code="t">1</subfield>
    <subfield code="v">630.00</subfield>
    <subfield code="y">EN</subfield>
  </datafield>
  <datafield tag="952" ind1=" " ind2=" ">
    <subfield code="0">0</subfield>
    <subfield code="1">0</subfield>
    <subfield code="4">0</subfield>
    <subfield code="7">0</subfield>
    <subfield code="8">NFIC</subfield>
    <subfield code="a">CJ</subfield>
    <subfield code="b">CJ</subfield>
    <subfield code="d">2015-04-16</subfield>
    <subfield code="e">ABC/IN4469/16.12.2014/168/08.12.2014/30.12.2014</subfield>
    <subfield code="g">630.00</subfield>
    <subfield code="l">6</subfield>
    <subfield code="m">9</subfield>
    <subfield code="o">620.106 CIM</subfield>
    <subfield code="p">B-585599</subfield>
    <subfield code="r">2023-09-27 00:00:00</subfield>
    <subfield code="s">2023-08-30</subfield>
    <subfield code="t">1</subfield>
    <subfield code="v">630.00</subfield>
    <subfield code="y">EN</subfield>
  </datafield>
  <datafield tag="952" ind1=" " ind2=" ">
    <subfield code="0">0</subfield>
    <subfield code="1">0</subfield>
    <subfield code="4">0</subfield>
    <subfield code="7">0</subfield>
    <subfield code="8">NFIC</subfield>
    <subfield code="a">DIZ</subfield>
    <subfield code="b">DIZ</subfield>
    <subfield code="d">2015-04-16</subfield>
    <subfield code="e">ABC/IN4469/16.12.2014/168/08.12.2014/30.12.2014</subfield>
    <subfield code="g">630.00</subfield>
    <subfield code="l">0</subfield>
    <subfield code="o">620.106 CIM</subfield>
    <subfield code="p">B-585600</subfield>
    <subfield code="r">2015-04-16 00:00:00</subfield>
    <subfield code="t">1</subfield>
    <subfield code="v">630.00</subfield>
    <subfield code="y">EN</subfield>
  </datafield>
  <datafield tag="952" ind1=" " ind2=" ">
    <subfield code="0">0</subfield>
    <subfield code="1">0</subfield>
    <subfield code="4">0</subfield>
    <subfield code="7">0</subfield>
    <subfield code="8">NFIC</subfield>
    <subfield code="a">JP</subfield>
    <subfield code="b">JP</subfield>
    <subfield code="d">2015-04-16</subfield>
    <subfield code="e">ABC/IN4469/16.12.2014/168/08.12.2014/30.12.2014</subfield>
    <subfield code="g">630.00</subfield>
    <subfield code="l">12</subfield>
    <subfield code="m">2</subfield>
    <subfield code="o">620.106 CIM</subfield>
    <subfield code="p">B-585601</subfield>
    <subfield code="r">2021-12-27 00:00:00</subfield>
    <subfield code="s">2021-12-11</subfield>
    <subfield code="t">1</subfield>
    <subfield code="v">630.00</subfield>
    <subfield code="y">EN</subfield>
  </datafield>
  <datafield tag="952" ind1=" " ind2=" ">
    <subfield code="0">0</subfield>
    <subfield code="1">0</subfield>
    <subfield code="4">0</subfield>
    <subfield code="7">0</subfield>
    <subfield code="8">NFIC</subfield>
    <subfield code="a">ZLS</subfield>
    <subfield code="b">ZLS</subfield>
    <subfield code="d">2015-04-16</subfield>
    <subfield code="e">ABC/IN4469/16.12.2014/168/08.12.2014/30.12.2014</subfield>
    <subfield code="g">630.00</subfield>
    <subfield code="l">7</subfield>
    <subfield code="m">2</subfield>
    <subfield code="o">620.106 CIM</subfield>
    <subfield code="p">B-585602</subfield>
    <subfield code="r">2022-10-06 00:00:00</subfield>
    <subfield code="s">2022-09-24</subfield>
    <subfield code="t">1</subfield>
    <subfield code="v">630.00</subfield>
    <subfield code="y">EN</subfield>
  </datafield>
  <datafield tag="952" ind1=" " ind2=" ">
    <subfield code="0">0</subfield>
    <subfield code="1">0</subfield>
    <subfield code="4">0</subfield>
    <subfield code="7">0</subfield>
    <subfield code="8">NFIC</subfield>
    <subfield code="a">RKP</subfield>
    <subfield code="b">RKP</subfield>
    <subfield code="d">2015-04-16</subfield>
    <subfield code="e">ABC/IN4469/16.12.2014/168/08.12.2014/30.12.2014</subfield>
    <subfield code="g">630.00</subfield>
    <subfield code="l">4</subfield>
    <subfield code="m">3</subfield>
    <subfield code="o">620.106 CIM</subfield>
    <subfield code="p">B-585603</subfield>
    <subfield code="r">2018-12-06 00:00:00</subfield>
    <subfield code="s">2018-11-03</subfield>
    <subfield code="t">1</subfield>
    <subfield code="v">630.00</subfield>
    <subfield code="y">EN</subfield>
  </datafield>
  <datafield tag="952" ind1=" " ind2=" ">
    <subfield code="0">0</subfield>
    <subfield code="1">0</subfield>
    <subfield code="4">0</subfield>
    <subfield code="7">0</subfield>
    <subfield code="8">NFIC</subfield>
    <subfield code="a">AG</subfield>
    <subfield code="b">AG</subfield>
    <subfield code="d">2015-04-16</subfield>
    <subfield code="e">ABC/IN4469/16.12.2014/168/08.12.2014/30.12.2014</subfield>
    <subfield code="g">630.00</subfield>
    <subfield code="l">0</subfield>
    <subfield code="o">620.106 CIM</subfield>
    <subfield code="p">B-585604</subfield>
    <subfield code="r">2015-04-16 00:00:00</subfield>
    <subfield code="t">1</subfield>
    <subfield code="v">630.00</subfield>
    <subfield code="y">EN</subfield>
  </datafield>
  <datafield tag="952" ind1=" " ind2=" ">
    <subfield code="0">0</subfield>
    <subfield code="1">0</subfield>
    <subfield code="4">0</subfield>
    <subfield code="7">0</subfield>
    <subfield code="8">NFIC</subfield>
    <subfield code="a">ZLS</subfield>
    <subfield code="b">ZLS</subfield>
    <subfield code="d">2015-04-16</subfield>
    <subfield code="e">ABC/IN4469/16.12.2014/168/08.12.2014/30.12.2014</subfield>
    <subfield code="g">630.00</subfield>
    <subfield code="l">5</subfield>
    <subfield code="m">4</subfield>
    <subfield code="o">620.106 CIM</subfield>
    <subfield code="p">B-585605</subfield>
    <subfield code="r">2022-05-17 00:00:00</subfield>
    <subfield code="s">2022-05-04</subfield>
    <subfield code="t">1</subfield>
    <subfield code="v">630.00</subfield>
    <subfield code="y">EN</subfield>
  </datafield>
  <datafield tag="952" ind1=" " ind2=" ">
    <subfield code="0">0</subfield>
    <subfield code="1">0</subfield>
    <subfield code="4">0</subfield>
    <subfield code="7">0</subfield>
    <subfield code="8">NFIC</subfield>
    <subfield code="a">ZLS</subfield>
    <subfield code="b">ZLS</subfield>
    <subfield code="d">2015-04-16</subfield>
    <subfield code="e">ABC/IN4469/16.12.2014/168/08.12.2014/30.12.2014</subfield>
    <subfield code="g">630.00</subfield>
    <subfield code="l">2</subfield>
    <subfield code="o">620.106 CIM</subfield>
    <subfield code="p">B-585606</subfield>
    <subfield code="r">2020-10-27 00:00:00</subfield>
    <subfield code="s">2020-10-13</subfield>
    <subfield code="t">1</subfield>
    <subfield code="v">630.00</subfield>
    <subfield code="y">EN</subfield>
  </datafield>
  <datafield tag="952" ind1=" " ind2=" ">
    <subfield code="0">0</subfield>
    <subfield code="1">0</subfield>
    <subfield code="4">0</subfield>
    <subfield code="7">0</subfield>
    <subfield code="8">NFIC</subfield>
    <subfield code="a">VP</subfield>
    <subfield code="b">VP</subfield>
    <subfield code="d">2015-04-16</subfield>
    <subfield code="e">ABC/IN4469/16.12.2014/168/08.12.2014/30.12.2014</subfield>
    <subfield code="g">630.00</subfield>
    <subfield code="l">6</subfield>
    <subfield code="m">5</subfield>
    <subfield code="o">620.106 CIM</subfield>
    <subfield code="p">B-585607</subfield>
    <subfield code="r">2017-12-23 00:00:00</subfield>
    <subfield code="s">2017-12-09</subfield>
    <subfield code="t">1</subfield>
    <subfield code="v">630.00</subfield>
    <subfield code="y">EN</subfield>
  </datafield>
  <datafield tag="952" ind1=" " ind2=" ">
    <subfield code="0">0</subfield>
    <subfield code="1">0</subfield>
    <subfield code="4">0</subfield>
    <subfield code="7">0</subfield>
    <subfield code="8">NFIC</subfield>
    <subfield code="a">BN</subfield>
    <subfield code="b">BN</subfield>
    <subfield code="d">2015-04-16</subfield>
    <subfield code="e">ABC/IN4469/16.12.2014/168/08.12.2014/30.12.2014</subfield>
    <subfield code="g">630.00</subfield>
    <subfield code="l">1</subfield>
    <subfield code="o">620.106 CIM</subfield>
    <subfield code="p">B-585608</subfield>
    <subfield code="r">2021-08-03 00:00:00</subfield>
    <subfield code="s">2021-07-09</subfield>
    <subfield code="t">1</subfield>
    <subfield code="v">630.00</subfield>
    <subfield code="y">EN</subfield>
  </datafield>
  <datafield tag="952" ind1=" " ind2=" ">
    <subfield code="0">0</subfield>
    <subfield code="1">0</subfield>
    <subfield code="4">0</subfield>
    <subfield code="7">0</subfield>
    <subfield code="8">NFIC</subfield>
    <subfield code="a">NRR</subfield>
    <subfield code="b">NRR</subfield>
    <subfield code="d">2015-04-16</subfield>
    <subfield code="e">ABC/IN4469/16.12.2014/168/08.12.2014/30.12.2014</subfield>
    <subfield code="g">630.00</subfield>
    <subfield code="l">0</subfield>
    <subfield code="o">620.106 CIM</subfield>
    <subfield code="p">B-585609</subfield>
    <subfield code="r">2015-04-16 00:00:00</subfield>
    <subfield code="t">1</subfield>
    <subfield code="v">630.00</subfield>
    <subfield code="y">EN</subfield>
  </datafield>
  <datafield tag="952" ind1=" " ind2=" ">
    <subfield code="0">0</subfield>
    <subfield code="1">0</subfield>
    <subfield code="4">0</subfield>
    <subfield code="7">0</subfield>
    <subfield code="8">NFIC</subfield>
    <subfield code="a">BKK</subfield>
    <subfield code="b">BKK</subfield>
    <subfield code="d">2015-04-16</subfield>
    <subfield code="e">ABC/IN4469/16.12.2014/168/08.12.2014/30.12.2014</subfield>
    <subfield code="g">630.00</subfield>
    <subfield code="l">0</subfield>
    <subfield code="o">620.106 CIM</subfield>
    <subfield code="p">B-585610</subfield>
    <subfield code="r">2015-04-16 00:00:00</subfield>
    <subfield code="t">1</subfield>
    <subfield code="v">630.00</subfield>
    <subfield code="y">EN</subfield>
  </datafield>
  <datafield tag="952" ind1=" " ind2=" ">
    <subfield code="0">0</subfield>
    <subfield code="1">0</subfield>
    <subfield code="4">0</subfield>
    <subfield code="7">0</subfield>
    <subfield code="8">NFIC</subfield>
    <subfield code="a">NR</subfield>
    <subfield code="b">NR</subfield>
    <subfield code="d">2015-04-16</subfield>
    <subfield code="e">ABC/IN4469/16.12.2014/168/08.12.2014/30.12.2014</subfield>
    <subfield code="g">630.00</subfield>
    <subfield code="l">0</subfield>
    <subfield code="o">620.106 CIM</subfield>
    <subfield code="p">B-585611</subfield>
    <subfield code="r">2015-04-16 00:00:00</subfield>
    <subfield code="t">1</subfield>
    <subfield code="v">630.00</subfield>
    <subfield code="y">EN</subfield>
  </datafield>
  <datafield tag="952" ind1=" " ind2=" ">
    <subfield code="0">0</subfield>
    <subfield code="1">0</subfield>
    <subfield code="4">0</subfield>
    <subfield code="7">0</subfield>
    <subfield code="8">NFIC</subfield>
    <subfield code="a">BN</subfield>
    <subfield code="b">BN</subfield>
    <subfield code="d">2015-04-16</subfield>
    <subfield code="e">ABC/IN4469/16.12.2014/168/08.12.2014/30.12.2014</subfield>
    <subfield code="g">630.00</subfield>
    <subfield code="l">0</subfield>
    <subfield code="o">620.106 CIM</subfield>
    <subfield code="p">B-585612</subfield>
    <subfield code="r">2015-04-16 00:00:00</subfield>
    <subfield code="t">1</subfield>
    <subfield code="v">630.00</subfield>
    <subfield code="y">EN</subfield>
  </datafield>
  <datafield tag="952" ind1=" " ind2=" ">
    <subfield code="0">0</subfield>
    <subfield code="1">0</subfield>
    <subfield code="4">0</subfield>
    <subfield code="7">0</subfield>
    <subfield code="8">NFIC</subfield>
    <subfield code="a">BL4</subfield>
    <subfield code="b">BL4</subfield>
    <subfield code="d">2015-04-16</subfield>
    <subfield code="e">ABC/IN4469/16.12.2014/168/08.12.2014/30.12.2014</subfield>
    <subfield code="g">630.00</subfield>
    <subfield code="l">0</subfield>
    <subfield code="o">620.106 CIM</subfield>
    <subfield code="p">B-585613</subfield>
    <subfield code="r">2015-04-16 00:00:00</subfield>
    <subfield code="t">1</subfield>
    <subfield code="v">630.00</subfield>
    <subfield code="y">EN</subfield>
  </datafield>
  <datafield tag="952" ind1=" " ind2=" ">
    <subfield code="0">0</subfield>
    <subfield code="1">0</subfield>
    <subfield code="4">0</subfield>
    <subfield code="7">0</subfield>
    <subfield code="8">NFIC</subfield>
    <subfield code="a">YV</subfield>
    <subfield code="b">YV</subfield>
    <subfield code="d">2015-04-16</subfield>
    <subfield code="e">ABC/IN4469/16.12.2014/168/08.12.2014/30.12.2014</subfield>
    <subfield code="g">630.00</subfield>
    <subfield code="l">0</subfield>
    <subfield code="o">620.106 CIM</subfield>
    <subfield code="p">B-585614</subfield>
    <subfield code="r">2015-04-16 00:00:00</subfield>
    <subfield code="t">1</subfield>
    <subfield code="v">630.00</subfield>
    <subfield code="y">EN</subfield>
  </datafield>
</record>
